Tres años de gestión y el rezago de lo social

Sparad:
Bibliografiska uppgifter
Materialtyp: Text
Ämnen:
Taggar: Lägg till en tagg
Inga taggar, Lägg till första taggen!

MARC

LEADER 00000 a a2200000 04500
001 6574
003
040
245 |a Tres años de gestión y el rezago de lo social  
650 |a GOBIERNO CENTRAL  
650 |a INTEGRACION ECONOMICA  
650 |a POBREZA  
773 |g volumen 23, número 1002; páginas 8-9  
999 |c 21322  |d 21322